Responses for Show #8785 - Friday, January 13, 2023

Yogesh Raut game 3.

Contestants

[<< previous game]

Michael Cavaliere, a consultant from New York, New York

Brenda Crowell, a freelance writer and crisis worker trainee from Williamsport, Pennsylvania

Yogesh Raut, a blogger, podcaster, and freelance writer originally from Springfield, Illinois (whose 2-day cash winnings total $75,202)

[next game >>]

Jeopardy! Round responses

LET'S TALK GALAXIES
A SIDE OF FABERGÉ EGGS
LITERARY OVERLAPS
YOU BROUGHT ME FAME & FORTUNE
& EVERYTHING THAT GOES WITH IT
I THANK YOU ALL
    $200 30
Andromeda

Michael
    $200 19
Easter

Michael
    $200 23
Margaret

Yogesh
    $200 20
celebrity

Yogesh
    $200 28
Procter

Michael
    $200 25
Borat

Brenda
    $400 29
the Black Eye Galaxy

Brenda
    $400 18
(Ken: His bride, yes.)

Alexandra

Michael
    $400 11
Cold

Yogesh
    $400 21
treasure

Yogesh
    $400 27
motherhood

Triple Stumper
    $400 26
cancellation

Yogesh
    $600 17
Canis Major

Michael
    $600 16
(Michael: What's cat?)

a hen

YogeshMichael
    $600 3
Pretty

Michael
    $600 22
glory

Yogesh
    $600 24
(Yogesh: What is ranch?)

blue cheese

YogeshBrenda
    $600 13
Erin Brockovich

Michael
    $800 5
spiral

Michael
    $800 9
(Yogesh: Who is Prince Rainier?)
...
(Ken: Now it's his son, [*].)

Prince Albert II

Yogesh
Triple Stumper
    $800 2
Me

Yogesh
    $800 1
(Yogesh: Ken, you brought me fame and fortune and I'd also like that category for $800.)

acclaim

Yogesh
    $800 8
(Yogesh: What's ginseng?)
(Brenda: What is ginkgo?)

ginger

YogeshBrendaMichael
    $800 14
(Olivia) Colman

Michael
    $1000 6
(Brenda: Oh! What are Andromeda and...)

Large Magellanic & Small Magellanic

YogeshBrenda
    $1000 7
Nobel

Yogesh
    $1000 4
Alice

Michael
    $3,200 10
(Michael: I will bet the whole shebang.)
(Ken: A True Daily Double, we call it.)

rags to riches

Michael
    $1000 12
leather jacket

Michael
    $1000 15
Nurse Jackie

Michael

Scores at the first commercial break (after clue 15):

Yogesh Brenda Michael
$2,400 -$1,800 $9,800

Scores at the end of the Jeopardy! Round:

Yogesh Brenda Michael
$4,200 -$600 $10,800

Double Jeopardy! Round responses

BORN OR DIED IN 1923
8-LETTER WORDS
A LINEAR CATEGORY
HISTORICAL MOVEMENTS
THE CITY SQUARE
I SAID DANCE!
    $400 20
(Michael: Qui est [*] ?)
(Ken: Yeah, that's right, in French.)

Gustave Eiffel

Michael
    $400 28
latitude

Yogesh
    $400 29
the line of scrimmage

Brenda
    $400 30
Reformation

Yogesh
    $400 27
(Brenda: What is Boston?)

Cambridge

BrendaMichael
    $400 19
Sir Paul McCartney

Triple Stumper
    $800 22
Marceau

Yogesh
    $800 21
autofill

Yogesh
    $800 24
Afghanistan & Pakistan

Yogesh
    $800 25
Versailles

Yogesh
    $800 26
San Francisco

Michael
    $800 18
barn

Michael
    $1200 13
(Hank) Williams

Yogesh
    $1200 1
strident

Michael
    $1200 23
(Yogesh: What is [*]?)
(Ken: "What" is optional there.)

Whose Line is it Anyway?

Yogesh
    $5,000 15
(Michael: What are... the Great Migrations?)

the back-to-Africa movement

Michael
    $5,000 17
Philadelphia

Michael
    $1200 3
Lady Gaga

Michael
    $1600 4
(Michael: Who is Sonny Liston?)

(Rocky) Marciano

YogeshMichael
    $1600 14
explicit

Michael
    $1600 6
a line-item veto

Yogesh
    $1600 7
home rule

Yogesh
    $1600 10
(Andrew) Jackson

Yogesh
    $1600 2
J. Lo

Michael
    $2000 5
(Sarah) Bernhardt

Yogesh
    $2000 16
metadata

Michael
    $2000 8
a rhumb line

Triple Stumper
    $2000 9
(Yogesh: Where is Tunis?)

Tehran

Yogesh
Triple Stumper
    $2000 11
(Ken: Central Park fame, yes.)

Olmsted

Yogesh
    $2000 12
Kesha

Michael

Scores at the end of the Double Jeopardy! Round:

Yogesh Brenda Michael
$19,000 -$600 $21,200

[wagering suggestions for these scores]

Final Jeopardy! Round responses

IN THE BOOKSTORE
(Ken: [To Yogesh] Marc Cameron now writes the Jack Ryan novels; Don Bentley writes the Jack Ryan Jr. novels.)
YogeshWho is Tom Clancy?
$2,201
MichaelWho is Heller?
$16,801
Tom Clancy

Final scores:

Yogesh Brenda Michael
$21,201 -$600 $4,399
3-day champion: $96,403 3rd place: $1,000 2nd place: $2,000

Game dynamics:

Coryat scores:

Yogesh Brenda Michael
$19,000 -$600 $20,200
25 R,
4 W
4 R,
3 W
25 R
(including 2 DDs),
3 W
(including 1 DD)

Combined Coryat: $38,600

[game clues] [game scores] [suggest correction]

Game tape date: 2022-11-15
The J! Archive is created by fans, for fans. Scraping, republication, monetization, and malicious use prohibited; this site may use cookies and collect identifying information. See terms. The Jeopardy! game show and all elements thereof, including but not limited to copyright and trademark thereto, are the property of Jeopardy Productions, Inc. and are protected under law. This website is not affiliated with, sponsored by, or operated by Jeopardy Productions, Inc. Join the discussion at JBoard.tv.